000 00231nam a2200097Ia 4500
001 1095410
005 20250827003014.0
008 250824s9999 xx 000 0 und d
245 0 _aSFAHAT
_cÖMER BARDAKÇI
260 _bKÜLTÜR A.Ş
999 _c1095410
_d1095410